000 00406nam a2200121 4500
999 _c14253
_d14253
008 190906b ||||| |||| 00| 0 eng d
082 _aDPer 050 T48 Apr - June 2016, v. 187 n. 12-24
100 _939426
_aKumar, Nikhil.
245 _aUmesh Sachdev:
_bDigital translator/
_cNikhil Kumar.
260 _aHong Kong:
_bTime Asia,
_cc2016.
300 _av187 n22, page 37:
_billustrations;
_c27 cm.
942 _2ddc
_cPER